[Event "2021 FIDE Online Olympiad"]
[Site "Chess.com"]
[Date "2021.09.02"]
[Round "2"]
[Board "4"]
[White "Aulia, Medina Warda"]
[Black "Samaganova, Alexandra"]
[Result "1/2-1/2"]
[WhiteElo "2344"]
[BlackElo "1948"]
[PlyCount "122"]
[EventDate "2021.09.02"]
[EventType "team"]
[EventRounds "9"]
[EventCountry "FID"]
[WhiteTeam "Indonesia"]
[BlackTeam "Kyrgyzstan"]

1. e4  c5  2. Nf3  e6  3. d4  cxd4  4. Nxd4  a6  5. Be2  Qc7  6. a3  Nf6  7. Nc3  Nc6  8. Be3  b5  9. Nxc6  dxc6  10. O-O  Bb7  11. f4  c5  12. e5  Nd5  13. Nxd5  Bxd5  14. c4  Bc6  15. Rc1  b4  16. axb4  cxb4  17. Qe1  a5  18. Qg3  g6  19. c5  a4  20. Bc4  a3  21. bxa3  Rxa3  22. Qf2  Be7  23. Bd4  Qa7  24. Rb1  Qa5  25. h3  h5  26. Kh2  h4  27. Bb3  Qb5  28. Rfd1  Qb7  29. Rb2  Be4  30. Be3  O-O  31. Bc4  Rd8  32. Rxd8+  Bxd8  33. Rb3  Rxb3  34. Bxb3  Bd5  35. Bxd5  Qxd5  36. Qd2  Kf8  37. Qxb4  Qc6  38. Kg1  Bc7  39. Kf2  g5  40. fxg5  Bxe5  41. Qxh4  Qd5  42. Qb4  Bc7  43. h4  Qf5+  44. Kg1  Qd3  45. Qd4  Qb1+  46. Kf2  Qc2+  47. Kf3  Qf5+  48. Ke2  Qc2+  49. Qd2  Qc4+  50. Kf3  Qxh4  51. Qf2  Qh5+  52. Ke4  Qg4+  53. Kd3  Ke7  54. Qf6+  Ke8  55. Qf3  Qb4  56. Qc6+  Kd8  57. Bd4  Qb1+  58. Ke3  Qe1+  59. Kd3  Qb1+  60. Ke3  Qe1+  61. Kd3  Qb1+   1/2-1/2

[Event "2021 FIDE Online Olympiad"]
[Site "Chess.com"]
[Date "2021.09.02"]
[Round "2"]
[Board "5"]
[White "Degenbaev, Aziz"]
[Black "Tarigan, Gilbert Elroy"]
[Result "0-1"]
[WhiteElo "1795"]
[BlackElo "2084"]
[PlyCount "118"]
[EventDate "2021.09.02"]
[EventType "team"]
[EventRounds "9"]
[EventCountry "FID"]
[WhiteTeam "Kyrgyzstan"]
[BlackTeam "Indonesia"]

1. e4  c6  2. Nc3  d5  3. Qf3  dxe4  4. Nxe4  Nf6  5. Bc4  Nbd7  6. d4  e6  7. c3  Nxe4  8. Qxe4  Nf6  9. Qh4  Nd5  10. Qg3  Qd6  11. Bxd5  exd5  12. Bf4  Qg6  13. O-O-O  Qxg3  14. hxg3  f6  15. Nf3  Kf7  16. Rde1  a5  17. Nd2  a4  18. a3  Bf5  19. f3  g5  20. g4  Bg6  21. Bg3  c5  22. Bf2  b6  23. Nf1  Bd6  24. Ne3  cxd4  25. cxd4  Bf4  26. Kd2  Ra5  27. b4  axb3  28. Kc3  Rxa3  29. Nf5  Rc8+  30. Kb4  Ra2  31. Be3  Bxf5  32. Bxf4  Bg6  33. Kxb3  Rxg2  34. Bd6  Rf2  35. Re3  Re8  36. Rc3  Ree2  37. Ra1  Rb2+  38. Ka4  Rbc2  39. Re3  Rce2  40. Rc3  Rc2  41. Re3  Rfe2  42. Rxe2  Rxe2  43. Kb5  Rf2  44. Ra7+  Kg8  45. Kc6  Bf7  46. Kxb6  Rxf3  47. Kc6  Re3  48. Bc5  Re4  49. Kd6  Rxg4  50. Ke7  Kg7  51. Ra8  Re4+  52. Kd6  h5  53. Kd7  h4  54. Bf8+  Kg6  55. Bc5  h3  56. Ra3  h2  57. Ra1  Be6+  58. Kd6  Bg4  59. Rh1  Re2   0-1

[Event "2021 FIDE Online Olympiad"]
[Site "Chess.com"]
[Date "2021.09.02"]
[Round "2"]
[Board "6"]
[White "Latifah, Laysa"]
[Black "Sovetbekova, Nurai"]
[Result "1-0"]
[WhiteElo "1917"]
[BlackElo "1541"]
[PlyCount "83"]
[EventDate "2021.09.02"]
[EventType "team"]
[EventRounds "9"]
[EventCountry "FID"]
[WhiteTeam "Indonesia"]
[BlackTeam "Kyrgyzstan"]

1. d4  Nf6  2. c4  g6  3. Nf3  Bg7  4. Nc3  d5  5. e3  O-O  6. Be2  c5  7. dxc5  dxc4  8. Qxd8  Rxd8  9. Bxc4  Nbd7  10. c6  bxc6  11. Bd2  Nb6  12. Bb3  Nfd5  13. Nxd5  cxd5  14. Nd4  Bb7  15. Rc1  Rac8  16. O-O  e5  17. Nf3  Ba6  18. Rfd1  Be2  19. Re1  Bb5  20. Bc3  d4  21. exd4  exd4  22. Ba5  Rxc1  23. Rxc1  d3  24. Rc7  Rd7  25. Rxd7  Bxd7  26. Bc3  Ba4  27. Bxg7  Kxg7  28. Kf1  Kf6  29. Ke1  Bb5  30. Kd2  a5  31. a3  a4  32. Ba2  Bc4  33. Bxc4  Nxc4+  34. Kc3  Nd6  35. Kxd3  h5  36. Nd2  Ke6  37. Ne4  Nf5  38. Nc5+  Kd5  39. Nxa4  Nd6  40. b4  Nb5  41. Nc3+  Nxc3  42. Kxc3   1-0

[Event "2021 FIDE Online Olympiad"]
[Site "Chess.com"]
[Date "2021.09.02"]
[Round "2"]
[Board "1"]
[White "Zeng, Chongsheng"]
[Black "Tin, Jingyao"]
[Result "1-0"]
[WhiteElo "2499"]
[BlackElo "2352"]
[PlyCount "71"]
[EventDate "2021.09.02"]
[EventType "team"]
[EventRounds "9"]
[EventCountry "FID"]
[WhiteTeam "Shenzhen China"]
[BlackTeam "Singapore"]

1. e4  e5  2. Nf3  Nc6  3. Bc4  Nf6  4. Ng5  d5  5. exd5  Na5  6. d3  h6  7. Nf3  e4  8. Qe2  Nxc4  9. dxc4  Bd6  10. Nd4  O-O  11. Be3  Re8  12. Nc3  Bg4  13. Qd2  a6  14. h3  Bh5  15. g4  Bg6  16. O-O-O  Nd7  17. Qe2  Ne5  18. Nf5  b5  19. c5  Bf8  20. Nxe4  Nc4  21. Qf3  c6  22. Nxh6+  gxh6  23. Nf6+  Kh8  24. Nxe8  Qxe8  25. Bd4+  Bg7  26. Bxg7+  Kxg7  27. Rhe1  Qd8  28. Qc3+  Kh7  29. f4  cxd5  30. f5  b4  31. fxg6+  fxg6  32. Qf3  Qg5+  33. Kb1  Ra7  34. Qxd5  Qf4  35. Qd7+  Rxd7  36. Rxd7+   1-0

[Event "2021 FIDE Online Olympiad"]
[Site "Chess.com"]
[Date "2021.09.02"]
[Round "2"]
[Board "2"]
[White "Goh, Wei Ming Kevin"]
[Black "Yu, Ruiyuan"]
[Result "1/2-1/2"]
[WhiteElo "2422"]
[BlackElo "2506"]
[PlyCount "93"]
[EventDate "2021.09.02"]
[EventType "team"]
[EventRounds "9"]
[EventCountry "FID"]
[WhiteTeam "Singapore"]
[BlackTeam "Shenzhen China"]

1. e4  c6  2. d4  d5  3. exd5  cxd5  4. Bd3  Nc6  5. c3  Nf6  6. Bf4  Bg4  7. Qb3  Qd7  8. Nd2  e6  9. Ngf3  Bxf3  10. Nxf3  Bd6  11. Bxd6  Qxd6  12. O-O  O-O  13. Rae1  Rab8  14. Ne5  b5  15. Bxb5  Nxd4  16. cxd4  a6  17. a4  axb5  18. a5  Ne4  19. Rd1  Rfc8  20. f3  Nf6  21. Rc1  Nd7  22. Rxc8+  Rxc8  23. Nd3  Rb8  24. Qb4  Qxb4  25. Nxb4  Rc8  26. b3  Kf8  27. Ra1  Ke7  28. a6  Kd6  29. Ra5  Rb8  30. Kf2  Kc7  31. Ke3  Kb6  32. Ra1  Rc8  33. Kd3  g5  34. g4  Rc7  35. a7  Rxa7  36. Rxa7  Kxa7  37. Nc6+  Kb6  38. Nd8  f6  39. Nxe6  b4  40. Ke3  Kc6  41. f4  Kd6  42. Ng7  Nb8  43. Ne8+  Ke7  44. Nc7  Kd6  45. Ne8+  Ke7  46. Nc7  Kd6  47. Ne8+   1/2-1/2

[Event "2021 FIDE Online Olympiad"]
[Site "Chess.com"]
[Date "2021.09.02"]
[Round "2"]
[Board "3"]
[White "Zhao, Xue"]
[Black "Gong, Qianyun"]
[Result "0-1"]
[WhiteElo "2442"]
[BlackElo "2322"]
[PlyCount "96"]
[EventDate "2021.09.02"]
[EventType "team"]
[EventRounds "9"]
[EventCountry "FID"]
[WhiteTeam "Shenzhen China"]
[BlackTeam "Singapore"]

1. e4  c5  2. Nf3  Nc6  3. d4  cxd4  4. Nxd4  g6  5. Nc3  Bg7  6. Be3  Nf6  7. Bc4  O-O  8. Bb3  Re8  9. O-O  d6  10. h3  Bd7  11. Qd2  Rc8  12. Rad1  Na5  13. Bh6  Nc4  14. Bxc4  Rxc4  15. Bxg7  Kxg7  16. Rfe1  a6  17. Nd5  e5  18. Nxf6  Qxf6  19. Nb3  Bc6  20. f3  Re6  21. a3  Ba4  22. Qd3  Bb5  23. Qd2  Ba4  24. Qd3  Bb5  25. Nd2  Rc7  26. c4  Bd7  27. Rc1  Qh4  28. Qe3  Rf6  29. Qf2  Qg5  30. Kh1  b5  31. cxb5  Rxc1  32. Rxc1  Bxb5  33. Rc7  Qf4  34. b3  Bd3  35. g3  Qh6  36. Kg2  d5  37. exd5  e4  38. f4  Qh5  39. Rc5  Qd1  40. b4  h5  41. Rc6  Rf5  42. d6  Rd5  43. a4  Qxa4  44. Rb6  Qc2  45. d7  Rxd7  46. Kg1  Bb5  47. Nf1  Qc1  48. Kg2  Bxf1+   0-1

[Event "2021 FIDE Online Olympiad"]
[Site "Chess.com"]
[Date "2021.09.02"]
[Round "2"]
[Board "4"]
[White "Liu, Yang Hazel"]
[Black "Xu, Tong"]
[Result "0-1"]
[WhiteElo "2065"]
[BlackElo "2111"]
[PlyCount "116"]
[EventDate "2021.09.02"]
[EventType "team"]
[EventRounds "9"]
[EventCountry "FID"]
[WhiteTeam "Singapore"]
[BlackTeam "Shenzhen China"]

1. d4  d5  2. Bf4  e6  3. Nc3  Nf6  4. e3  Bd6  5. Bg3  a6  6. Nf3  O-O  7. Bd3  c5  8. O-O  Nc6  9. dxc5  Bxc5  10. e4  dxe4  11. Nxe4  Be7  12. Qe2  Nd4  13. Nxd4  Qxd4  14. c3  Qb6  15. Rad1  Rd8  16. Bh4  e5  17. Rfe1  Re8  18. Bg3  Nd7  19. Qh5  g6  20. Qh6  Bf8  21. Qh4  Bg7  22. Ng5  h6  23. Nf3  Qc7  24. Qc4  Qxc4  25. Bxc4  Rb8  26. Nd2  b5  27. Bd5  Bb7  28. Bxb7  Rxb7  29. Ne4  Re6  30. Rd6  Rxd6  31. Nxd6  Rb6  32. Rd1  Nf8  33. h3  f5  34. f4  e4  35. Bf2  Rc6  36. Be3  Ne6  37. Kf2  Bf8  38. Nb7  Rc7  39. Na5  Nc5  40. Rd2  Nd3+  41. Ke2  Kf7  42. Nb3  Kf6  43. Bd4+  Kf7  44. Be3  b4  45. cxb4  Bxb4  46. Rd1  Rc2+  47. Nd2  Rxb2  48. a4  a5  49. Rb1  Ra2  50. Kd1  Rxa4  51. Nc4  Ra2  52. Ne5+  Nxe5  53. fxe5  Ke6  54. Bxh6  Kxe5  55. g3  Kd4  56. Rb3  Kc4  57. Rb1  Rh2  58. Rc1+  Kd3   0-1

[Event "2021 FIDE Online Olympiad"]
[Site "Chess.com"]
[Date "2021.09.02"]
[Round "2"]
[Board "5"]
[White "Xue, Haowen"]
[Black "Lee, Qing Aun"]
[Result "1-0"]
[WhiteElo "2128"]
[BlackElo "2049"]
[PlyCount "55"]
[EventDate "2021.09.02"]
[EventType "team"]
[EventRounds "9"]
[EventCountry "FID"]
[WhiteTeam "Shenzhen China"]
[BlackTeam "Singapore"]

1. d4  Nf6  2. c4  e6  3. g3  c5  4. Nf3  cxd4  5. Nxd4  d5  6. Bg2  e5  7. Nb3  d4  8. O-O  Be7  9. f4  Nbd7  10. e3  dxe3  11. Bxe3  exf4  12. Rxf4  O-O  13. Nc3  Ne5  14. Rd4  Qb6  15. Qd2  Neg4  16. Rxg4  Bxg4  17. Bxb6  axb6  18. Nd5  Nxd5  19. Bxd5  Bf6  20. Nd4  Rfe8  21. a3  Rad8  22. Rf1  Bh3  23. Rxf6  gxf6  24. g4  Bxg4  25. Qf4  Be6  26. Qxf6  Rd7  27. Nxe6  fxe6  28. Bxe6+   1-0

[Event "2021 FIDE Online Olympiad"]
[Site "Chess.com"]
[Date "2021.09.02"]
[Round "2"]
[Board "6"]
[White "Hng, Mei-En Emmanuelle"]
[Black "Li, Xinyu"]
[Result "0-1"]
[WhiteElo "1634"]
[BlackElo "2167"]
[PlyCount "68"]
[EventDate "2021.09.02"]
[EventType "team"]
[EventRounds "9"]
[EventCountry "FID"]
[WhiteTeam "Singapore"]
[BlackTeam "Shenzhen China"]

1. e4  c5  2. d4  cxd4  3. c3  dxc3  4. Nxc3  Nc6  5. Bc4  e6  6. Nf3  Bb4  7. O-O  Nge7  8. Nb5  d5  9. exd5  exd5  10. Bxd5  Nxd5  11. Qxd5  O-O  12. Qh5  Qa5  13. a3  a6  14. axb4  Qxa1  15. Nc7  Rb8  16. Ng5  Bf5  17. Nd5  Qa2  18. Ne3  Bg6  19. Qf3  Nxb4  20. h4  h6  21. h5  Bd3  22. Ne4  Bxf1  23. Qg4  Kh8  24. Nf5  Rg8  25. Bxh6  gxh6  26. Qf4  Qe6  27. Nc5  Nd5  28. Qd4+  Qf6  29. Qxd5  Rbd8  30. Nd7  Rxd7  31. Qxd7  Bxg2  32. Ng3  Bf3  33. Qd2  Rd8  34. Qe3  Rd1+   0-1

[Event "2021 FIDE Online Olympiad"]
[Site "Chess.com"]
[Date "2021.09.02"]
[Round "2"]
[Board "1"]
[White "Rahman, Ziaur"]
[Black "Khairallah, Faisal"]
[Result "1-0"]
[WhiteElo "2537"]
[BlackElo "2226"]
[PlyCount "53"]
[EventDate "2021.09.02"]
[EventType "team"]
[EventRounds "9"]
[EventCountry "FID"]
[WhiteTeam "Bangladesh"]
[BlackTeam "Lebanon"]

1. Nf3  g6  2. g3  Bg7  3. d4  d6  4. Bg2  Nd7  5. c4  e5  6. Nc3  Ngf6  7. O-O  O-O  8. e4  h6  9. Re1  Nh7  10. dxe5  dxe5  11. Be3  Ng5  12. Nxg5  hxg5  13. Qd2  g4  14. Rad1  c6  15. h3  gxh3  16. Bxh3  f5  17. exf5  gxf5  18. Ne4  Qc7  19. Qd6  Qxd6  20. Nxd6  Nb6  21. Bg5  f4  22. Nxc8  Nxc8  23. Rd7  fxg3  24. fxg3  Kh7  25. Re4  Rf3  26. Kg2  Rf8  27. Rh4+   1-0

[Event "2021 FIDE Online Olympiad"]
[Site "Chess.com"]
[Date "2021.09.02"]
[Round "2"]
[Board "2"]
[White "Salman, Samer"]
[Black "Reefat, Bin-Sattar"]
[Result "0-1"]
[WhiteElo "1759"]
[BlackElo "2415"]
[PlyCount "106"]
[EventDate "2021.09.02"]
[EventType "team"]
[EventRounds "9"]
[EventCountry "FID"]
[WhiteTeam "Lebanon"]
[BlackTeam "Bangladesh"]

1. e4  e6  2. d3  c5  3. g3  Nc6  4. Bg2  g6  5. Nf3  Bg7  6. c3  Nge7  7. O-O  e5  8. Be3  d6  9. d4  exd4  10. cxd4  Bg4  11. dxc5  Bxb2  12. Nbd2  dxc5  13. Rb1  Bd4  14. Bxd4  Nxd4  15. Rxb7  O-O  16. h3  Bc8  17. Rb1  Ba6  18. Re1  Nec6  19. Nxd4  Nxd4  20. Nb3  Ne6  21. Rc1  Rc8  22. Qxd8  Rfxd8  23. Rc3  c4  24. Nc1  Rc7  25. f4  Rd2  26. f5  Nc5  27. Bf1  Na4  28. Ra3  Bb5  29. f6  h5  30. e5  Bd7  31. Re2  Rd1  32. Rc2  c3  33. Kf2  Bf5  34. Bd3  Rd2+  35. Ke1  Rxc2  36. Bxc2  Bxc2  37. Ne2  Rc4  38. Kf2  a5  39. Ke3  Bf5  40. g4  hxg4  41. hxg4  Bxg4  42. Nc1  Bf5  43. Rb3  c2  44. Rb8+  Rc8  45. Rb5  Rc5  46. Rb8+  Kh7  47. Kd2  Rd5+  48. Ke2  Rd1  49. Nb3  Rb1  50. Rd8  Rxb3  51. Kd2  Rb1  52. Rc8  Rd1+  53. Ke2  Bxc8   0-1

[Event "2021 FIDE Online Olympiad"]
[Site "Chess.com"]
[Date "2021.09.02"]
[Round "2"]
[Board "3"]
[White "Sultana, Sharmin Shirin"]
[Black "Mouradian, Knarik"]
[Result "1-0"]
[WhiteElo "2084"]
[BlackElo "2148"]
[PlyCount "67"]
[EventDate "2021.09.02"]
[EventType "team"]
[EventRounds "9"]
[EventCountry "FID"]
[WhiteTeam "Bangladesh"]
[BlackTeam "Lebanon"]

1. d4  d5  2. c4  c6  3. Nf3  Nf6  4. Nc3  e6  5. Bg5  Nbd7  6. e3  Qa5  7. Nd2  Bb4  8. Qc2  O-O  9. Be2  c5  10. O-O  cxd4  11. exd4  dxc4  12. Bxf6  Nxf6  13. Nxc4  Qc7  14. Rac1  a6  15. Ne4  Be7  16. Bd3  h6  17. Qe2  Qd8  18. Rfd1  Rb8  19. Ne5  Nxe4  20. Qxe4  f5  21. Qe3  Bd6  22. Bc4  Qf6  23. Re1  Kh7  24. Bb3  b5  25. Nc6  Rb7  26. Bxe6  Rc7  27. d5  Qxb2  28. Re2  Qf6  29. Rce1  Qh4  30. g3  Qf6  31. Qd3  Kh8  32. Bxc8  Rcxc8  33. Re6  Qf7  34. Rxd6   1-0

[Event "2021 FIDE Online Olympiad"]
[Site "Chess.com"]
[Date "2021.09.02"]
[Round "2"]
[Board "4"]
[White "Nekrasova, Elena"]
[Black "Parveen, Tanima"]
[Result "1/2-1/2"]
[WhiteElo "1920"]
[BlackElo "1987"]
[PlyCount "60"]
[EventDate "2021.09.02"]
[EventType "team"]
[EventRounds "9"]
[EventCountry "FID"]
[WhiteTeam "Lebanon"]
[BlackTeam "Bangladesh"]

1. e4  e5  2. Nf3  Nc6  3. Bb5  a6  4. Ba4  Nf6  5. O-O  b5  6. Bb3  Be7  7. Re1  d6  8. c3  O-O  9. h3  Na5  10. Bc2  c5  11. d4  cxd4  12. cxd4  Nc6  13. a4  Rb8  14. axb5  axb5  15. Nc3  Qc7  16. Bb3  Na5  17. Nd5  Nxd5  18. Bxd5  Bf6  19. Bg5  Bxg5  20. Nxg5  h6  21. Nf3  Bb7  22. dxe5  dxe5  23. Nxe5  Qxe5  24. Rxa5  Qxb2  25. Qb1  Qxb1  26. Rxb1  Bxd5  27. exd5  b4  28. Ra4  Rfd8  29. Raxb4  Rxb4  30. Rxb4  Rxd5   1/2-1/2

[Event "2021 FIDE Online Olympiad"]
[Site "Chess.com"]
[Date "2021.09.02"]
[Round "2"]
[Board "5"]
[White "Mohammad Fahad, Rahman"]
[Black "Boulos, Carlos"]
[Result "1-0"]
[WhiteElo "2287"]
[BlackElo "1991"]
[PlyCount "113"]
[EventDate "2021.09.02"]
[EventType "team"]
[EventRounds "9"]
[EventCountry "FID"]
[WhiteTeam "Bangladesh"]
[BlackTeam "Lebanon"]

1. d4  d5  2. c4  e6  3. Nf3  Nf6  4. Nc3  Be7  5. Bf4  O-O  6. e3  Nbd7  7. c5  c6  8. Bd3  h6  9. h3  b6  10. b4  bxc5  11. bxc5  Qa5  12. Qd2  Ba6  13. O-O  Bxd3  14. Qxd3  Bd8  15. Nd2  e5  16. Nb3  Qa3  17. dxe5  Ne8  18. Nxd5  Nxc5  19. Qc2  cxd5  20. Qxc5  Qxc5  21. Nxc5  Nc7  22. Rfc1  Be7  23. Rab1  Rfc8  24. Bg3  Ne6  25. Nb7  Rxc1+  26. Rxc1  Rb8  27. Nd6  f6  28. Nf5  Re8  29. Rc6  Bb4  30. exf6  gxf6  31. Nxh6+  Kg7  32. Ng4  f5  33. Ne5  d4  34. exd4  Nxd4  35. Rc7+  Re7  36. Rxe7+  Bxe7  37. Kf1  Ba3  38. Nc4  Bc5  39. Be5+  Kf7  40. Bxd4  Bxd4  41. Ke2  Ke6  42. f4  Kd5  43. Nd2  a5  44. g4  fxg4  45. hxg4  a4  46. g5  Kc5  47. Kd3  Bg7  48. Ke4  Kb4  49. Nb1  Kc4  50. f5  Bb2  51. f6  Ba1  52. Kf5  Kd3  53. g6  Kc2  54. Na3+  Kb2  55. Nb5  Kxa2  56. g7  a3  57. g8=Q+   1-0

[Event "2021 FIDE Online Olympiad"]
[Site "Chess.com"]
[Date "2021.09.02"]
[Round "2"]
[Board "6"]
[White "Arnelian, Nanor"]
[Black "Noshin, Anjum"]
[Result "0-1"]
[WhiteElo "1305"]
[BlackElo "1808"]
[PlyCount "62"]
[EventDate "2021.09.02"]
[EventType "team"]
[EventRounds "9"]
[EventCountry "FID"]
[WhiteTeam "Lebanon"]
[BlackTeam "Bangladesh"]

1. e4  e5  2. Nf3  Nc6  3. Nc3  Nf6  4. Bc4  Bc5  5. d3  d6  6. Ng5  O-O  7. Nd5  h6  8. Nxf6+  Qxf6  9. Nf3  Bg4  10. Qe2  Nd4  11. Qd2  Bxf3  12. c3  Bxg2  13. cxd4  Bxh1  14. dxc5  dxc5  15. Qe3  b6  16. Bd2  Qf3  17. Bc3  Qxe3+  18. fxe3  Bf3  19. Bxe5  c6  20. Kf2  Bh5  21. Rg1  g6  22. Ke1  b5  23. Bb3  Rfd8  24. Kf1  Rxd3  25. Kf2  Rd2+  26. Kg3  c4  27. Bxc4  bxc4  28. Kh4  Re8  29. Bc3  Rxh2+  30. Kg3  Re2  31. Bd4  Rxe4   0-1

[Event "2021 FIDE Online Olympiad"]
[Site "Chess.com"]
[Date "2021.09.02"]
[Round "2"]
[Board "1"]
[White "Bersamina, Paulo"]
[Black "Kuybokarov, Temur"]
[Result "1/2-1/2"]
[WhiteElo "2286"]
[BlackElo "2134"]
[PlyCount "164"]
[EventDate "2021.09.02"]
[EventType "team"]
[EventRounds "9"]
[EventCountry "FID"]
[WhiteTeam "Philippines"]
[BlackTeam "Australia"]

1. e4  e5  2. Nf3  Nc6  3. Bb5  a6  4. Ba4  Nf6  5. O-O  b5  6. Bb3  Bc5  7. a4  Bb7  8. d3  O-O  9. Nc3  Na5  10. Nxe5  Nxb3  11. cxb3  b4  12. Ne2  d5  13. Qc2  Qd6  14. Bf4  Nh5  15. Nxf7  Qe7  16. Bg5  Qxf7  17. Qxc5  dxe4  18. dxe4  Bxe4  19. f3  Bd3  20. Rfe1  Qg6  21. Nf4  Nxf4  22. Bxf4  c6  23. Qxb4  Rad8  24. Bg3  Rd7  25. Rac1  h5  26. Qc5  Rf6  27. Re5  Bf5  28. Bh4  Rff7  29. Qxc6  Rd6  30. Qe8+  Kh7  31. Re2  Rb6  32. Bg3  Rxb3  33. Rc6  Rf6  34. Rxf6  Qxe8  35. Rxe8  gxf6  36. Bh4  Rxb2  37. Ra8  Rb6  38. a5  Rc6  39. h3  Bd3  40. Kh2  Kg6  41. Rd8  Bb5  42. Kg3  Rc2  43. Rd6  Rc6  44. Rd8  Bf1  45. Rd1  Be2  46. Rd2  Bb5  47. Kh2  Ba4  48. Rd4  Bb5  49. Rf4  Bd3  50. Kg1  Rd6  51. Kf2  Bb5  52. g4  hxg4  53. hxg4  Rd2+  54. Kg3  Rd6  55. Re4  Bc6  56. Rc4  Ba8  57. Rc8  Bc6  58. Kf2  Bd7  59. Rc5  Rc6  60. Rd5  Be6  61. Rd3  Bc4  62. Rd4  Be6  63. Rf4  f5  64. gxf5+  Bxf5  65. Rd4  Be6  66. Bd8  Kf5  67. Bb6  Rc4  68. Rd8  Rc3  69. Rf8+  Ke5  70. Re8  Rc6  71. Kg3  Kf6  72. Bd4+  Kf7  73. Ra8  Bd5  74. Ra7+  Ke6  75. Bb6  Rc3  76. Rxa6  Rxf3+  77. Kg4  Bb7  78. Ra7  Rf7  79. a6  Bf3+  80. Kg3  Rxa7  81. Bxa7  Be2  82. Bb8  Bxa6   1/2-1/2

[Event "2021 FIDE Online Olympiad"]
[Site "Chess.com"]
[Date "2021.09.02"]
[Round "2"]
[Board "2"]
[White "Ly, Moulthun"]
[Black "Garcia, Jan Emmanuel"]
[Result "1/2-1/2"]
[WhiteElo "2502"]
[BlackElo "2350"]
[PlyCount "58"]
[EventDate "2021.09.02"]
[EventType "team"]
[EventRounds "9"]
[EventCountry "FID"]
[WhiteTeam "Australia"]
[BlackTeam "Philippines"]

1. e4  e5  2. Nc3  Nc6  3. Bc4  Nf6  4. d3  Na5  5. Nge2  Nxc4  6. dxc4  Bc5  7. O-O  d6  8. h3  Be6  9. Qd3  a6  10. b3  O-O  11. Be3  Bxe3  12. Qxe3  b6  13. f4  exf4  14. Rxf4  Nd7  15. Nd4  Ne5  16. Raf1  Qd7  17. a4  a5  18. Qg3  Ng6  19. R4f2  Kh8  20. Nf5  f6  21. Nd4  Rae8  22. Nce2  Bg8  23. Nf4  Rxe4  24. Nxg6+  hxg6  25. Nf3  Bh7  26. Ng5  Re5  27. Nf3  Re4  28. Ng5  Re5  29. Nf3  Re4   1/2-1/2

[Event "2021 FIDE Online Olympiad"]
[Site "Chess.com"]
[Date "2021.09.02"]
[Round "2"]
[Board "3"]
[White "Magpily, Francois Marie"]
[Black "Zhang, Jilin"]
[Result "1-0"]
[WhiteElo "1808"]
[BlackElo "2246"]
[PlyCount "133"]
[EventDate "2021.09.02"]
[EventType "team"]
[EventRounds "9"]
[EventCountry "FID"]
[WhiteTeam "Philippines"]
[BlackTeam "Australia"]

1. e4  c5  2. Nf3  e6  3. d4  cxd4  4. Nxd4  a6  5. c4  Nf6  6. Nc3  d6  7. Be3  b6  8. Be2  Bb7  9. f3  Be7  10. O-O  Qc7  11. Rc1  Nbd7  12. Qe1  O-O  13. Qf2  Rac8  14. Rfd1  Rfe8  15. b4  Qb8  16. Nb3  Bd8  17. a4  Bc7  18. Kh1  d5  19. cxd5  exd5  20. Nxd5  Nxd5  21. exd5  Nf6  22. Bg5  Nxd5  23. Bc4  Bf4  24. Bxf4  Qxf4  25. Bxd5  Rxc1  26. Bxf7+  Kxf7  27. Nxc1  Qxb4  28. h3  Kg8  29. Qc2  Re1+  30. Rxe1  Qxe1+  31. Kh2  Qe5+  32. Kh1  Qc5  33. Qxc5  bxc5  34. Ne2  Kf7  35. Kg1  Ke6  36. Kf2  Kd5  37. Ke3  Kc4  38. Kd2  Kb4  39. Nf4  c4  40. Kc2  Bc6  41. a5  Kxa5  42. Kc3  Bb5  43. Ne6  g6  44. Nf8  Ka4  45. Nxh7  Ka3  46. Nf6  a5  47. Nd5  a4  48. Nb4  Bd7  49. h4  Bc8  50. g4  Bb7  51. f4  Bc8  52. h5  gxh5  53. gxh5  Bf5  54. Nc2+  Ka2  55. Ne3  Be4  56. Nxc4  a3  57. Kb4  Bd3  58. Nxa3  Kb2  59. Nc4+  Kc2  60. Nd6  Bh7  61. f5  Kd3  62. f6  Bg8  63. f7  Bxf7  64. Nxf7  Ke4  65. h6  Kf5  66. h7  Kg6  67. h8=Q   1-0

[Event "2021 FIDE Online Olympiad"]
[Site "Chess.com"]
[Date "2021.09.02"]
[Round "2"]
[Board "4"]
[White "Nguyen, Thu Giang"]
[Black "Frayna, Janelle Mae"]
[Result "0-1"]
[WhiteElo "2119"]
[BlackElo "2102"]
[PlyCount "100"]
[EventDate "2021.09.02"]
[EventType "team"]
[EventRounds "9"]
[EventCountry "FID"]
[WhiteTeam "Australia"]
[BlackTeam "Philippines"]

1. e4  c6  2. d4  d5  3. e5  c5  4. dxc5  e6  5. a3  Nc6  6. Nf3  Bxc5  7. b4  Bb6  8. Bb2  Nge7  9. Bd3  Ng6  10. O-O  O-O  11. c4  dxc4  12. Bxc4  Qxd1  13. Rxd1  Bc7  14. Re1  Bd7  15. Nbd2  Rad8  16. Rac1  a6  17. Nb3  Bb6  18. Ng5  Bc8  19. Nc5  h6  20. Nf3  Nf4  21. g3  Bxc5  22. gxf4  Bb6  23. Red1  Rxd1+  24. Rxd1  Rd8  25. Rxd8+  Bxd8  26. Nd4  Bd7  27. Nb3  Bb6  28. Kg2  Kf8  29. Kf3  Ke8  30. Ke2  Kd8  31. f3  Kc7  32. Kd3  Ne7  33. Bd4  Bc6  34. Bxb6+  Kxb6  35. Nd4  g6  36. Ke3  Bd5  37. Be2  a5  38. Bb5  axb4  39. axb4  Bc6  40. Bd3  Nd5+  41. Kd2  Nxb4  42. Bxg6  fxg6  43. Nxe6  Nd5  44. Kd3  Ne7  45. Ke2  Bd5  46. Nf8  Kc5  47. Nd7+  Kc6  48. Nf6  b5  49. h4  h5  50. Kd3  Bxf3   0-1